LEADER 01467nam a2200349 a 4500 001 000000172743 003 CaOOAMICUS 005 20191007130028.0 006 a 000 u 008 191007s2013 it a u001 u ita r 020 $z978-88-430-6696-4* 032 $aLibriCat 040 $aPUL$bita 082 00$a530.1 100 1 $aDorato, Mauro.$0(OLS)http://pul/name/44438 245 10$aChe cos'č il tempo? : $bEinstein, Gödel e l'esperienza comune /$cMauro Dorato. 260 $aRoma :$bCarocci,$c©2013. 300 $a138 p. :$bill. ;$c21 cm. 490 1 $aQuality paperbacks ;$v400 504 $aBibliografia alle p.127-134. 650 4$aTeoria della relativitŕ.$0(OLS)http://pul/subject/46144 650 4$aTempo (filosofia).$0(OLS)http://pul/subject/8504 650 4$aTempo (fisica).$0(OLS)http://pul/subject/46143 830 0$aQuality paperbacks (Carocci) ;$v400.$0(OLS)http://pul/title/103487 850 $aPUL 852 $aPUL$W1$xSL Cons. Gen., Altre Classi 3$y75$m530. 11 DORMA 1$j196687$b8. rist. 2018$qDDC 21$B201463$CPULBib$Z2$F201463 $H133518 $81 941 1 $a9 996 $6020$z978-88-430-6696-4*$9(OLS)http://pul/number/166797 996 $6082$a530.1$9(OLS)http://pul/classification/2404 996 $6245$aChe cos'č il tempo? : $bEinstein, Gödel e l'esperienza comune$9(OLS)http://pul/title/213758 996 $6260$aRoma :$bCarocci$9(OLS)http://pul/publisher/66917 LEADER 01173nam a2200289 a 4500 001 000000125689 003 CaOOAMICUS 005 20110615110632.0 008 110615s2010 es u000 u spa r 020 $a978-84-210-0668-9 040 $aPUL$bita 082 04$a128 100 1 $aFuster Camp, Ignasi X.$0(OLS)http://pul/name/79609 245 10$aPersona y libertad /$cIgnasi X. Fuster Camp . 260 $aBarcelona :$bEditorial Balmes,$c2010. 300 $a315 p. ;$c22 cm 490 1 $aBiblioteca filosófica de balmesiana. Serie I ;$v6 650 4$aAntropologia filosofica.$0(OLS)http://pul/subject/676 830 0$aBiblioteca filosófica de balmesiana.$pSerie I ;$v6.$0(OLS)http://pul/title/158502 850 $aPUL 852 $aPUL$W1$xDP2 Filosofia 3$y112$m128 FUSIG 1$j144779$qDDC 21$B143792$CPULBib$Z2$F143792 $H116994 $82 941 1 $a9 996 $6020$a978-84-210-0668-9$9(OLS)http://pul/number/147478 996 $6082$a128$9(OLS)http://pul/classification/461 996 $6245$aPersona y libertad$9(OLS)http://pul/title/158501 996 $6260$aBarcelona :$bEditorial Balmes$9(OLS)http://pul/publisher/56302